Les recherches sur google en 2023 - Usages de l'intelligence artif. - Statistiques

Statistiques générales
  • Ce quiz a été pris 22 fois
  • Le résultat moyen est 1 sur 10
Statistiques - réponses
Hint Réponse % Correct
IA pour créer des images 1
24%
IA pour faire des PowerPoint 3
24%
IA pour lettre de motivation 10
19%
IA pour reformuler un texte 2
19%
IA pour dessiner 6
14%
IA pour améliorer la qualité d’une image 7
14%
IA pour photo 4
10%
IA pour logo 5
10%
IA pour agrandir une image 8
10%
IA pour TikTok 9
5%
Aucun quiz correspondant
Distribution des résultats
% des personnes avec chaque résultat
Percentile par nombre de réponses
Votre historique - résultats
Vous n’avez pas pris ce quiz